The History of Medieval Europe - 7th century - Statistics

General Stats
  • This quiz has been taken 213 times
    207 since last reset
  • The average score is 5 of 13
Answer Stats
Hint Answer % Correct
622 - This religious leader and his followers make a journey from Mecca to Yathrib, a city that he renames Medina Muhammad
94%
642 - This city is captured by the Muslim army of 'Amr ibn al-'As which, according to certain posterior sources like Abd al-Latif al-Baghdadi, seals the fate of what remained of its famous library Alexandria
75%
678 - The Byzantines use this weapon during the First Siege of Constantinople Greek fire
58%
698 - This North African city, after having briefly been recaptured by the Byzantines, definitively falls into the hands of the fifth Umayyad Caliphate Carthage
54%
661 - This caliphate is established in Syria by Muawiya ibn Abi Sufyan Umayyad
51%
651 - This empire collapses and its last emperor, Yazdegerd III, is assassinated, allowing the Islamic caliphate to take control of most its territory. Between 632 and 651, the Islamic caliphate has thus managed to conquer Syria, Egypt and Persia Sasanian
49%
632 - This man, who is the father-in-law of Muhammad, becomes the first Muslim Caliph Abu Bakr
33%
610 - This Byzantine emperor, who made Greek the official language of the Eastern Roman Empire, ascends to the throne Heraclius
28%
664 - This Northumbrian Synod, taking place at an abbey ruled by Saint Hilda, decides to follow the Roman practice over the Ionan practice Whitby
13%
629 - This Austrasian king who reunited Frankish territories becomes king of the Franks Dagobert
11%
640 - This decisive battle takes place in Egypt. The victory of Amr ibn al-A'as for the Rashidun caliphate opens the door for the Muslim conquest of the Byzantine Exarchate of Africa Heliopolis
3%
687 - This battle takes place in Merovigian Gaul and sees the victory of the forces of Austrasia led by the mayor of the palace Pepin of Herstal over the forces of Neustria and Burgund Tertry
3%
615 - Death of this Irish monk who wrote a monastic rule and founded the abbey of Luxeuil in the Frankish kingdom and the abbey of Bobbio in the Lombard kingdom Colombanus
2%
No matching quizzes found
Score Distribution
Percent of People with Each Score
Percentile by Number Answered
Your Score History
You have not taken this quiz since the last reset